Assessing URCs (Record no. 68397)
[ view plain ]
| 000 -LEADER | |
|---|---|
| fixed length control field | 00953cam a2200217 4500 |
| 001 - CONTROL NUMBER | |
| control field | ABS64603 |
| 008 - FIXED-LENGTH DATA ELEMENTS--GENERAL INFORMATION | |
| fixed length control field | 010926n2001 000 0 eng u |
| 035 ## - SYSTEM CONTROL NUMBER | |
| System control number | (Sirsi) u114867 |
| 100 ## - MAIN ENTRY--PERSONAL NAME | |
| Personal name | Robson, B. |
| 245 ## - TITLE STATEMENT | |
| Title | Assessing URCs |
| 260 ## - PUBLICATION, DISTRIBUTION, ETC. | |
| Date of publication, distribution, etc. | 2001 |
| 490 ## - SERIES STATEMENT | |
| Series statement | Regeneration and Renewal |
| Volume/sequential designation | 14 September 2001, 12(1) |
| 520 ## - SUMMARY, ETC. | |
| Summary, etc. | The second DTLR report on Urban Regeneration Companies - "URCs: Learning the Lessons"- has been published. Its main verdict - that it is a good initiative, but it is too early to say what the three URCs will deliver - seems little different from the first DTLR report on the initiative. However, considers the suggestions made in the report, and the implications of its conclusions. The report is available from: http://www.dtlr.gov.uk |
| 590 ## - LOCAL NOTE (RLIN) | |
| Local note | ABS |
| 650 ## - SUBJECT ADDED ENTRY--TOPICAL TERM | |
| Topical term or geographic name entry element | URBAN REGENERATION COMPANIES |
| 650 ## - SUBJECT ADDED ENTRY--TOPICAL TERM | |
| Topical term or geographic name entry element | DTLR |
| 650 ## - SUBJECT ADDED ENTRY--TOPICAL TERM | |
| Topical term or geographic name entry element | ASSESSMENTS |
| 650 ## - SUBJECT ADDED ENTRY--TOPICAL TERM | |
| Topical term or geographic name entry element | PILOT PROJECT |
| 690 ## - LOCAL SUBJECT ADDED ENTRY--TOPICAL TERM (OCLC, RLIN) | |
| Topical term or geographic name as entry element | REGENERATION |
| 942 ## - ADDED ENTRY ELEMENTS (KOHA) | |
| Suppress in OPAC | 0 |
| Withdrawn status | Lost status | Source of classification or shelving scheme | Damaged status | Not for loan | Home library | Current library | Shelving location | Date acquired | Total Checkouts | Full call number | Barcode | Date last seen | Copy number | Price effective from | Koha item type |
|---|---|---|---|---|---|---|---|---|---|---|---|---|---|---|---|
| Dewey Decimal Classification | London | London | Journal article | 26/09/2001 | ABS64603 | 114867-1001 | 06/08/2019 | 1 | 06/08/2019 | Journal article |